Mon top film star wars - Statistiques

Statistiques générales
  • Ce quiz a été pris 71 fois
  • Le résultat moyen est 8 sur 9
Statistiques - réponses
Hint Réponse % Correct
5 La menace fantome
97%
2 L'empire contre-attaque
97%
3 Le retour du jedi
95%
1 La revanche des siths
93%
6 Un nouvel espoir
93%
9 L'attaque des clones
85%
4 Le reveil de la force
84%
8 L'ascension de Skywalker
80%
7 Les derniers jedis
74%
Aucun quiz correspondant
Distribution des résultats
% des personnes avec chaque résultat
Percentile par nombre de réponses
Votre historique - résultats
Vous n’avez pas pris ce quiz